| 000 | 00355nam a22001217a 4500 | ||
|---|---|---|---|
| 999 |
_c4889 _d4889 |
||
| 008 | 250422b ||||| |||| 00| 0 eng d | ||
| 020 | _a9780007935253 | ||
| 082 | _a813.54 SCA | ||
| 100 |
_aSCARRY,RICHARD _eAUTHOR |
||
| 245 | _aGREAT BIG MYSTERY BOOK | ||
| 260 |
_a77-85 FULHAM PALACE ROAD,LONDON W6 8JB _bHARPER COLLINS CHILDREN'S BOOKS _c2011 |
||
| 942 | _2ddc | ||